| 000 | 00721nam a2200229 a 4500 | ||
|---|---|---|---|
| 999 |
_c3280 _d3280 |
||
| 001 | 3280 | ||
| 003 | BD-JhCC | ||
| 005 | 20171112171019.0 | ||
| 008 | 171112s1985 bg |||| ||a| 000 0 ben d | ||
| 035 | _a(BD-JhCC)33280 | ||
| 040 |
_aBD-JhCC _dBD-JhCC |
||
| 041 | _aben | ||
| 082 |
_a954.9231 _bCHO 1985 |
||
| 100 | _aচৌধুরী, এম, আই | ||
| 245 |
_aসেন্ট মার্টিন / _cএম, আই চৌধুরী |
||
| 260 |
_aঢাকা : _bবাংলা একাডেমী, _c1985. |
||
| 300 |
_a109 p. : _c18 cm. |
||
| 490 | _aSeries in honour of the martyrs of the Language Movement of February 1952. | ||
| 650 |
_aSt. Martin _zBangladesh |
||
| 942 |
_2ddc _cBK |
||